[Event "Xtracon Chess Open 2019"]
[Site "Helsingor DEN"]
[Date "2019.07.20"]
[Round "1.3"]
[White "Rolvag, Birk Anders"]
[Black "Korobov, Anton"]
[Result "0-1"]
[BlackTitle "GM"]
[WhiteElo "1956"]
[BlackElo "2687"]
[WhiteFideId "1507753"]
[BlackFideId "14105730"]
[EventDate "2019.07.20"]

1. e4 c5 2. Nc3 e6 3. g3 d5 4. d3 d4 5. Nce2 Nc6 6. Bg2 h5 7. h3 h4 8. g4 e5 9.
f4 exf4 10. Bxf4 Nge7 11. Nf3 Ng6 12. Bh2 Bd6 13. O-O Bxh2+ 14. Nxh2 Qg5 15. Qc1
Qxc1 16. Raxc1 Be6 17. a3 Rd8 18. Nf3 Ke7 19. c3 dxc3 20. Rxc3 Rd7 21. Kf2 Rhd8
22. Rd1 Nce5 23. Nxe5 Nxe5 24. Nf4 c4 25. Bf1 g5 26. Nxe6 Kxe6 27. Ke3 cxd3 28.
Bxd3 Rxd3+ 29. Rdxd3 Rxd3+ 30. Rxd3 Nxd3 31. Kxd3 Ke5 32. Ke3 b5 33. b3 a5 34.
b4 a4 35. Kd3 Kf4 36. Kd4 Kg3 0-1

[Event "Xtracon Chess Open 2019"]
[Site "Helsingor DEN"]
[Date "2019.07.20"]
[Round "1.7"]
[White "Lysyj, Igor"]
[Black "Nielsen, Aage Sondergaard"]
[Result "1-0"]
[WhiteTitle "GM"]
[WhiteElo "2623"]
[BlackElo "1936"]
[WhiteFideId "4150120"]
[BlackFideId "1409859"]
[EventDate "2019.07.20"]

1. d4 e6 2. c4 d5 3. Nf3 c6 4. g3 Nf6 5. Bg2 Nbd7 6. O-O Ne4 7. Nc3 Ndf6 8. Qc2
Bd6 9. Ne5 Nxc3 10. Qxc3 O-O 11. Bf4 Nh5 12. Be3 f5 13. b4 Bd7 14. a4 Rc8 15.
Qb3 Be8 16. b5 f4 17. Bc1 fxg3 18. hxg3 Qf6 19. bxc6 bxc6 20. Ba3 Qe7 21. Bxd6
Qxd6 22. Rfc1 Rb8 23. Qc3 Nf6 24. cxd5 cxd5 25. Qc7 Qxc7 26. Rxc7 Rb4 27. e3
Bxa4 28. Bh3 Re8 29. Rxa7 Bc2 30. R7a6 Bf5 31. g4 Be4 32. g5 Nh5 33. Bxe6+ Kf8
34. Bg4 g6 35. Ra7 Ng7 36. Nd7+ Kf7 37. Nf6+ Kf8 38. Nxh7+ 1-0

[Event "Xtracon Chess Open 2019"]
[Site "Helsingor DEN"]
[Date "2019.07.20"]
[Round "1.10"]
[White "Ben Porat, Tal"]
[Black "Karthikeyan, Murali"]
[Result "0-1"]
[BlackTitle "GM"]
[WhiteElo "1928"]
[BlackElo "2613"]
[WhiteFideId "2804719"]
[BlackFideId "5074452"]
[EventDate "2019.07.20"]

1. e4 c5 2. Nf3 Nc6 3. Bb5 g6 4. Bxc6 dxc6 5. O-O Bg7 6. h3 Nf6 7. Qe2 O-O 8.
Rd1 e5 9. d3 Ne8 10. Nc3 Nc7 11. Bg5 f6 12. Be3 Qe7 13. Nh2 Ne6 14. Rf1 b6 15.
f4 exf4 16. Bxf4 Nxf4 17. Rxf4 f5 18. Re1 Bd7 19. exf5 Qd6 20. Rff1 Rae8 21. Qd2
Bxf5 22. Rxe8 Rxe8 23. Re1 Rf8 24. Rf1 c4 25. Rf3 cxd3 26. cxd3 Rd8 27. Qg5 Bf6
28. Qh6 Re8 29. Qd2 Bd4+ 30. Kh1 Qe6 31. Rf1 Qe3 32. Qxe3 Rxe3 33. Nf3 Bxd3 34.
Rd1 Bf6 35. Kg1 Bc4 36. Rd7 Bxc3 37. bxc3 a5 38. Rd6 Bxa2 39. Rxc6 b5 40. Kf2
Re7 41. Ra6 a4 42. Nd4 Bc4 43. Ra5 Rb7 44. Nc6 Kg7 45. g3 Kf6 46. Ke3 Bf1 47.
Nd4 Ke5 48. h4 Kd5 49. Nf3 Re7+ 50. Kd2 Re2+ 51. Kd1 Re3 52. Nd4 Rxc3 53. Nxb5
Bxb5 54. Rxb5+ Kc4 55. Rb7 h5 56. Rc7+ Kd4 57. Ra7 a3 58. g4 hxg4 59. Ra4+ Ke5
60. Rxg4 a2 61. Ra4 Rh3 62. Rxa2 Rh1+ 63. Kc2 Rh2+ 0-1

[Event "Xtracon Chess Open 2019"]
[Site "Helsingor DEN"]
[Date "2019.07.20"]
[Round "1.21"]
[White "Praggnanandhaa, R"]
[Black "Kittilsen, Sigurd"]
[Result "1-0"]
[WhiteTitle "GM"]
[WhiteElo "2540"]
[BlackElo "1894"]
[WhiteFideId "25059530"]
[BlackFideId "1515624"]
[EventDate "2019.07.20"]

1. g3 c5 2. Bg2 g6 3. Nf3 Bg7 4. c3 e5 5. e4 Nc6 6. O-O Nge7 7. d3 O-O 8. a3 a5
9. a4 d5 10. exd5 Nxd5 11. Nbd2 Rb8 12. Re1 Nb6 13. Ne4 c4 14. dxc4 Nxc4 15. Qe2
Nb6 16. Be3 Qc7 17. Qb5 Nd7 18. Rad1 b6 19. Qc4 Ra8 20. Rd6 Ndb8 21. Nf6+ Kh8
22. Red1 Be6 23. Qh4 h5 24. g4 1-0

[Event "Xtracon Chess Open 2019"]
[Site "Helsingor DEN"]
[Date "2019.07.20"]
[Round "1.36"]
[White "Woltery, Nicolai"]
[Black "Rostgaard, Tobias Valentin"]
[Result "0-1"]
[BlackTitle "FM"]
[WhiteElo "1865"]
[BlackElo "2390"]
[WhiteFideId "436887"]
[BlackFideId "1408801"]
[EventDate "2019.07.20"]

1. c4 Nf6 2. Nc3 g6 3. g3 Bg7 4. Bg2 O-O 5. Nf3 d6 6. d4 Nc6 7. O-O a6 8. d5 Na5
9. b3 Rb8 10. Bd2 c5 11. dxc6 Nxc6 12. Qc1 Re8 13. Rd1 Bd7 14. e4 b5 15. cxb5
axb5 16. Ne1 b4 17. Ne2 Ng4 18. Rb1 Nd4 19. Nxd4 Bxd4 20. Be3 Bxe3 21. fxe3 Qb6
22. Nc2 Rec8 23. Re1 Rc3 24. Qd2 Qc5 25. Rb2 Ne5 26. Nd4 Nd3 0-1

[Event "Xtracon Chess Open 2019"]
[Site "Helsingor DEN"]
[Date "2019.07.20"]
[Round "1.37"]
[White "Miedema, David"]
[Black "Andersen, Daniel"]
[Result "1-0"]
[WhiteTitle "IM"]
[BlackTitle "FM"]
[WhiteElo "2387"]
[BlackElo "1864"]
[WhiteFideId "1018477"]
[BlackFideId "1402714"]
[EventDate "2019.07.20"]

1. e4 e6 2. d4 d5 3. Nc3 Nf6 4. e5 Nfd7 5. f4 c5 6. Nf3 Nc6 7. Be3 cxd4 8. Nxd4
Bc5 9. Qd2 a6 10. O-O-O O-O 11. Nb3 Bxe3 12. Qxe3 b5 13. Bd3 b4 14. Ne2 a5 15.
Rhf1 Ba6 16. Rf3 Bxd3 17. Qxd3 a4 18. Rh3 g6 19. Nbd4 Nxd4 20. Nxd4 Nc5 21. Qe3
Qc7 22. f5 exf5 23. Nxf5 Qd7 24. Nh6+ Kh8 25. Qxc5 1-0

[Event "Xtracon Chess Open 2019"]
[Site "Helsingor DEN"]
[Date "2019.07.20"]
[Round "1.38"]
[White "Heier, Odin Nikolai"]
[Black "Keinanen, Toivo"]
[Result "0-1"]
[BlackTitle "FM"]
[WhiteElo "1863"]
[BlackElo "2386"]
[WhiteFideId "1518003"]
[BlackFideId "509825"]
[EventDate "2019.07.20"]

1. d4 d5 2. Bf4 Nf6 3. e3 c5 4. c3 Nc6 5. Nd2 cxd4 6. exd4 Bf5 7. Ngf3 e6 8. Qb3
Qc8 9. h3 Be7 10. Be2 O-O 11. O-O a6 12. a4 Ne4 13. Nxe4 Bxe4 14. Nd2 Bg6 15.
Rfc1 Qd7 16. Be3 Rac8 17. Qd1 Bd6 18. b4 a5 19. b5 Ne7 20. c4 Nf5 21. c5 Bb8 22.
b6 e5 23. Nb3 Qe7 24. dxe5 Qxe5 25. Bf3 Rfe8 26. Qd2 Qh2+ 27. Kf1 Bf4 28. Re1
Rcd8 29. Nd4 Nxd4 30. Qxd4 Be5 31. Qd2 Bxa1 32. Rxa1 Qh1+ 33. Ke2 Qxa1 34. Bxd5
Qe5 35. Bxf7+ Bxf7 36. Qc2 Qd5 37. c6 Qxc6 38. Qxc6 bxc6 39. Kf3 Rb8 40. Bc5 Rb7 0-1

[Event "Xtracon Chess Open 2019"]
[Site "Helsingor DEN"]
[Date "2019.07.20"]
[Round "1.39"]
[White "Zude, Erik"]
[Black "Jorgensen, Alexander Torp"]
[Result "1-0"]
[WhiteTitle "IM"]
[WhiteElo "2385"]
[BlackElo "1863"]
[WhiteFideId "4604644"]
[BlackFideId "1434187"]
[EventDate "2019.07.20"]

1. c4 Nf6 2. g3 g6 3. Bg2 c5 4. Nf3 Bg7 5. Nc3 O-O 6. d4 d6 7. dxc5 dxc5 8. Qxd8
Rxd8 9. Be3 Na6 10. O-O Ng4 11. Bg5 f6 12. Bc1 Nb4 13. Ne1 e6 14. a3 Nc6 15. Nd3
Nge5 16. Nxe5 Nxe5 17. Bf4 Nxc4 18. Rfd1 Rxd1+ 19. Rxd1 Kf7 20. Nb5 Ne5 21. Bxe5
fxe5 22. Bxb7 Bxb7 23. Rd7+ Kf6 24. Rxb7 Rd8 25. Nc3 Bf8 26. Ne4+ Kf5 27. f3 g5
28. Rxh7 Kg6 29. Rb7 Rd1+ 30. Kf2 Rh1 31. Rxa7 Rxh2+ 32. Ke3 g4 33. fxg4 Rh1 34.
Ra6 Bh6+ 35. Kf3 Rf1+ 36. Kg2 Rb1 37. Rxe6+ Kh7 38. Rxe5 Rxb2 39. Nxc5 Bf8 40.
Nd3 Ra2 41. Kf3 Rxa3 42. g5 Kg6 43. Kg4 Ra6 44. Rb5 Be7 45. e4 Ra3 46. Ne5+ Kg7
47. Rb7 1-0

[Event "Xtracon Chess Open 2019"]
[Site "Helsingor DEN"]
[Date "2019.07.20"]
[Round "1.40"]
[White "Saravana, Vedant Kumar"]
[Black "Sawatzki, Frank"]
[Result "0-1"]
[BlackTitle "FM"]
[WhiteElo "1861"]
[BlackElo "2385"]
[WhiteFideId "45059730"]
[BlackFideId "4613600"]
[EventDate "2019.07.20"]

1. e4 c5 2. Nf3 Nc6 3. Bb5 g6 4. Bxc6 dxc6 5. d3 Bg7 6. Nc3 Nf6 7. O-O Bg4 8. h3
Bxf3 9. Qxf3 e5 10. Bg5 Qd6 11. Qe3 Nh5 12. Ne2 h6 13. Bh4 O-O 14. g4 Nf4 15.
Bg3 Nxh3+ 16. Kg2 Ng5 17. f4 exf4 18. Bxf4 Qe6 19. Kg3 Qe7 20. Rh1 Bxb2 21. Rab1
Bg7 22. Bxg5 hxg5 23. Kg2 Rfd8 24. Rbf1 Qe6 25. Rh3 Qe5 26. Ng1 c4 27. Nf3 Qf4
28. Qc5 cxd3 29. Nxg5 Qxf1+ 30. Kxf1 d2 31. Qe7 d1=Q+ 32. Kf2 Qxc2+ 33. Kf3 Rd3+
34. Kf4 Qd2+ 35. Re3 Qxe3# 0-1

[Event "Xtracon Chess Open 2019"]
[Site "Helsingor DEN"]
[Date "2019.07.20"]
[Round "1.41"]
[White "Andre, Gordon"]
[Black "Lodahl, Holger Ronnow"]
[Result "1-0"]
[WhiteElo "2381"]
[BlackElo "1859"]
[WhiteFideId "4655354"]
[BlackFideId "1427342"]
[EventDate "2019.07.20"]

1. e4 c5 2. Nf3 d6 3. d4 cxd4 4. Nxd4 Nf6 5. Nc3 a6 6. g3 g6 7. Bg2 Bg7 8. O-O
O-O 9. Bg5 Nbd7 10. Qd2 Re8 11. a4 Rb8 12. a5 Qc7 13. Nd5 Nxd5 14. exd5 Nf6 15.
Rfe1 Qc4 16. b3 Qc7 17. Re3 e5 18. dxe6 fxe6 19. Rae1 e5 20. Ne2 Bd7 21. Rd3 Bc6
22. Bxc6 bxc6 23. Bxf6 Bxf6 24. Rxd6 Bg5 25. Qd3 Qxa5 26. Rd1 Qb5 27. Rxg6+ hxg6
28. Qxg6+ Kf8 29. Qf5+ Kg8 30. Qxg5+ 1-0

[Event "Xtracon Chess Open 2019"]
[Site "Helsingor DEN"]
[Date "2019.07.20"]
[Round "1.42"]
[White "Berg, Margar M."]
[Black "Percivaldi, Martin"]
[Result "0-1"]
[BlackTitle "IM"]
[WhiteElo "1857"]
[BlackElo "2379"]
[WhiteFideId "7200021"]
[BlackFideId "1508148"]
[EventDate "2019.07.20"]

1. d4 d5 2. c4 dxc4 3. Nc3 a6 4. e4 b5 5. Nf3 Bb7 6. Be2 e6 7. a3 Nf6 8. Qc2 Be7
9. O-O Nbd7 10. Bf4 O-O 11. Rad1 Re8 12. Ne5 c6 13. Rd2 Qb6 14. Be3 Qc7 15. f4
c5 16. Nxd7 Qxd7 17. d5 exd5 18. Nxd5 Bxd5 19. exd5 Bd6 20. Rf3 Rxe3 21. Rxe3
Bxf4 22. Rh3 Bxd2 23. Qxd2 Rd8 24. Bf3 Qf5 25. Rg3 Qe5 26. Rg5 Qd4+ 27. Qxd4
cxd4 28. d6 Rxd6 29. h4 g6 30. Re5 Kg7 31. Kf2 Nd7 32. Re2 Nc5 0-1

[Event "Xtracon Chess Open 2019"]
[Site "Helsingor DEN"]
[Date "2019.07.20"]
[Round "1.43"]
[White "Fantinel, Thibault"]
[Black "Haraldsson, Leif"]
[Result "1-0"]
[WhiteTitle "IM"]
[WhiteElo "2374"]
[BlackElo "1857"]
[WhiteFideId "663395"]
[BlackFideId "1710648"]
[EventDate "2019.07.20"]

1. e4 d6 2. d4 Nd7 3. Nf3 e5 4. Bc4 c6 5. O-O Qc7 6. dxe5 dxe5 7. Ng5 Nh6 8. f4
Bc5+ 9. Kh1 Nf6 10. f5 Nfg4 11. Nxf7 Nxf7 12. Qxg4 Kf8 13. Nd2 Be3 14. Nf3 Bxc1
15. Raxc1 Bd7 16. Qg3 Re8 17. Bxf7 Kxf7 18. Ng5+ Kf8 19. Ne6+ 1-0

[Event "Xtracon Chess Open 2019"]
[Site "Helsingor DEN"]
[Date "2019.07.20"]
[Round "1.44"]
[White "Hempler, Poul"]
[Black "Malmstig, Erik"]
[Result "0-1"]
[BlackTitle "FM"]
[WhiteElo "1856"]
[BlackElo "2357"]
[WhiteFideId "1468464"]
[BlackFideId "1702866"]
[EventDate "2019.07.20"]

1. e4 c5 2. c3 Nf6 3. e5 Nd5 4. d4 cxd4 5. cxd4 e6 6. Nf3 b6 7. Nc3 Bb7 8. Bd3
f5 9. O-O Be7 10. Ng5 O-O 11. Qh5 h6 12. Nh3 Nxc3 13. bxc3 Qe8 14. Be2 Qxh5 15.
Bxh5 Rc8 16. Bd2 g5 17. f4 g4 18. Nf2 Kh7 19. Rac1 Ba3 20. Rc2 Nc6 21. Rb1 Nxd4 0-1

[Event "Xtracon Chess Open 2019"]
[Site "Helsingor DEN"]
[Date "2019.07.20"]
[Round "1.45"]
[White "Pantzar, Milton"]
[Black "Stage, Allan Juul"]
[Result "1-0"]
[WhiteTitle "FM"]
[WhiteElo "2357"]
[BlackElo "1855"]
[WhiteFideId "1721003"]
[BlackFideId "1452371"]
[EventDate "2019.07.20"]

1. d4 d5 2. c4 c6 3. Nf3 Nf6 4. Nc3 g6 5. Bf4 Bg7 6. e3 O-O 7. Bd3 Nh5 8. Be5 f6
9. Bxb8 Rxb8 10. cxd5 cxd5 11. Qb3 Kh8 12. Qxd5 Qxd5 13. Nxd5 e5 14. dxe5 fxe5
15. Be4 Bf5 16. Nd2 Rbd8 17. Nc3 Rf7 18. Ke2 Rfd7 19. Rhd1 Be6 20. Nf3 Rxd1 21.
Rxd1 Rxd1 22. Kxd1 b6 23. Ng5 Bg8 24. Bd5 Bf6 25. Nge4 Be7 26. Bxg8 Kxg8 27. Ke2
Kf7 28. Kd3 Ke6 29. Kc4 a6 30. a4 Ng7 31. g4 Ne8 32. b4 Nc7 33. h3 a5 34. bxa5
bxa5 35. Nb5 Na6 36. Na7 h5 37. Kb5 Nc7+ 38. Kb6 Kd5 39. f3 hxg4 40. hxg4 Ne6
41. Kxa5 Nc5 42. Kb5 Nxe4 43. fxe4+ Kxe4 44. a5 Bg5 45. a6 Bxe3 46. Nc8 1-0

[Event "Xtracon Chess Open 2019"]
[Site "Helsingor DEN"]
[Date "2019.07.20"]
[Round "1.46"]
[White "Amin, Idris"]
[Black "Haubro, Martin"]
[Result "0-1"]
[BlackTitle "IM"]
[WhiteElo "1853"]
[BlackElo "2356"]
[WhiteFideId "1746022"]
[BlackFideId "1414291"]
[EventDate "2019.07.20"]

1. d4 d5 2. Bf4 c5 3. e3 cxd4 4. exd4 Nc6 5. c3 Bf5 6. g4 Be4 7. f3 Bg6 8. h4 h5
9. Bd3 Bxd3 10. Qxd3 e6 11. g5 Bd6 12. Bxd6 Qxd6 13. Ne2 Nge7 14. Nd2 O-O 15. f4
g6 16. Qf3 b5 17. Ng3 b4 18. Rf1 bxc3 19. bxc3 Qa3 20. Qd3 Nb4 21. Qb1 Qxc3 22.
Rf3 Qxa1 0-1

[Event "Xtracon Chess Open 2019"]
[Site "Helsingor DEN"]
[Date "2019.07.20"]
[Round "1.47"]
[White "Gandrud, Vegar Koi"]
[Black "Hilbenz, Guntram"]
[Result "1-0"]
[WhiteTitle "FM"]
[WhiteElo "2351"]
[BlackElo "1845"]
[WhiteFideId "1505530"]
[BlackFideId "4686586"]
[EventDate "2019.07.20"]

1. d4 d5 2. c4 c6 3. Nf3 Nf6 4. Nc3 dxc4 5. a4 Bf5 6. Ne5 Nbd7 7. Nxc4 Qc7 8. g3
e5 9. dxe5 Nxe5 10. Bf4 Nfd7 11. Bg2 f6 12. O-O O-O-O 13. a5 Kb8 14. Qc1 Be7 15.
a6 g5 16. Bxe5 Nxe5 17. Nxe5 Qxe5 18. axb7 Rd6 19. Ra6 Kxb7 20. Qa1 Ra8 21. Qa4
Bd8 22. Nb5 1-0

[Event "Xtracon Chess Open 2019"]
[Site "Helsingor DEN"]
[Date "2019.07.20"]
[Round "1.48"]
[White "Larsen, Preben R."]
[Black "Rydstrom, Tom"]
[Result "0-1"]
[BlackTitle "FM"]
[WhiteElo "1844"]
[BlackElo "2345"]
[WhiteFideId "1425790"]
[BlackFideId "1714830"]
[EventDate "2019.07.20"]

1. Nf3 d5 2. b3 Nc6 3. e3 e5 4. Bb2 Bd6 5. Bb5 f6 6. O-O Bd7 7. Ba3 Bxa3 8. Nxa3
e4 9. Nd4 Nxd4 10. Bxd7+ Qxd7 11. exd4 f5 12. d3 Nf6 13. Qd2 O-O 14. f3 Rae8 15.
dxe4 fxe4 16. Rae1 c6 17. c3 exf3 18. Rxe8 Qxe8 19. Rxf3 Ne4 20. Qd3 Qe7 21. Nc2
Rxf3 22. gxf3 Qg5+ 23. Kf1 Qf4 24. Ne1 h6 25. Ng2 Qc1+ 26. Ne1 Nxc3 27. Qf5 Qg5
28. Qc8+ Kh7 29. Qxb7 Qd2 30. Qe7 Qxd4 31. Qe6 Qf6 32. Qe3 d4 33. Qd3+ Kh8 34.
Nc2 c5 35. b4 c4 36. Qxc4 Qxf3+ 0-1

[Event "Xtracon Chess Open 2019"]
[Site "Helsingor DEN"]
[Date "2019.07.20"]
[Round "1.49"]
[White "Vaishali, R"]
[Black "Lye, Sverre"]
[Result "1-0"]
[WhiteTitle "WGM"]
[WhiteElo "2344"]
[BlackElo "1839"]
[WhiteFideId "5091756"]
[BlackFideId "1539353"]
[EventDate "2019.07.20"]

1. e4 c5 2. Nf3 d6 3. Bb5+ Bd7 4. Bxd7+ Qxd7 5. c4 e5 6. Nc3 Nf6 7. d3 Be7 8. a3
Nc6 9. Rb1 O-O 10. b4 b6 11. O-O cxb4 12. axb4 a5 13. b5 Nd8 14. d4 Qc7 15. Nd5
Nxd5 16. cxd5 f5 17. exf5 Rxf5 18. Qd3 Rh5 19. g4 Rh3 20. Kg2 Rxf3 21. Qxf3 Nf7
22. dxe5 Nxe5 23. Qe4 Rf8 24. Be3 h5 25. gxh5 Rf3 26. Kh1 Rh3 27. Rg1 Rxh5 28.
f4 Nf7 29. Bd4 Bf8 30. Qe8 Rh7 31. Rxg7+ Rxg7 32. Bxg7 Kxg7 33. Rg1+ Kh7 34.
Qxf8 Ne5 35. Qg8+ Kh6 36. Qg5+ Kh7 37. Qh5# 1-0

[Event "Xtracon Chess Open 2019"]
[Site "Helsingor DEN"]
[Date "2019.07.20"]
[Round "1.50"]
[White "Rempe, Jonas"]
[Black "Jacobsen, Mikkel Manosri"]
[Result "0-1"]
[BlackTitle "FM"]
[WhiteElo "1839"]
[BlackElo "2343"]
[WhiteFideId "16202406"]
[BlackFideId "1444514"]
[EventDate "2019.07.20"]

1. e4 c6 2. d4 d5 3. Nd2 dxe4 4. Nxe4 Bf5 5. Ng3 Bg6 6. h4 h6 7. Nf3 Nd7 8. h5
Bh7 9. Bd3 Bxd3 10. Qxd3 e6 11. Bd2 Ngf6 12. O-O-O Be7 13. Kb1 O-O 14. Ne4 Nxe4
15. Qxe4 Nf6 16. Qe2 Qd5 17. Be3 b5 18. Ne5 Bd6 19. f4 Ne4 20. Rh3 Rad8 21. g4
Bxe5 22. fxe5 f6 23. exf6 Rxf6 24. Rg1 Rdf8 25. a3 a5 26. Re1 b4 27. Rh2 bxa3
28. Bxh6 Qxd4 29. Bc1 axb2 30. Qxe4 bxc1=Q+ 31. Kxc1 Qa1+ 32. Kd2 Rd8+ 33. Ke2
Qc3 0-1

[Event "Xtracon Chess Open 2019"]
[Site "Helsingor DEN"]
[Date "2019.07.20"]
[Round "1.51"]
[White "Gong, Patrick"]
[Black "Hansen, Verner"]
[Result "1-0"]
[WhiteTitle "FM"]
[WhiteElo "2336"]
[BlackElo "1838"]
[WhiteFideId "3222500"]
[BlackFideId "1425285"]
[EventDate "2019.07.20"]

1. g3 d5 2. Bg2 Bf5 3. d3 e6 4. Nd2 Nf6 5. Ngf3 Nbd7 6. O-O Bd6 7. Qe1 e5 8. e4
dxe4 9. dxe4 Bg6 10. Nh4 O-O 11. Nxg6 hxg6 12. a4 c6 13. Nc4 Bc7 14. Bg5 Nc5 15.
Rd1 Qe7 16. a5 Ne6 17. Be3 Ng4 18. Bc1 Qc5 19. b3 Rad8 20. Ba3 Rxd1 21. Qxd1 Qd4
22. Qxg4 Rd8 23. Bb2 Qc5 24. Rd1 Rxd1+ 25. Qxd1 Bxa5 26. Bxe5 Bb6 27. Nxb6 Qxe5
28. Nc4 Qc3 29. h4 Nd4 30. Ne3 c5 31. Bf1 a6 32. h5 gxh5 33. Qxh5 Nxc2 34. Nxc2
Qxc2 35. Bc4 1-0

[Event "Xtracon Chess Open 2019"]
[Site "Helsingor DEN"]
[Date "2019.07.20"]
[Round "1.52"]
[White "Vehl, Tina"]
[Black "Tryggestad, Andreas Garberg"]
[Result "0-1"]
[BlackTitle "FM"]
[WhiteElo "1823"]
[BlackElo "2336"]
[WhiteFideId "1418262"]
[BlackFideId "1513338"]
[EventDate "2019.07.20"]

1. d4 Nf6 2. c4 c5 3. d5 b5 4. cxb5 a6 5. Nc3 axb5 6. Nxb5 Ba6 7. Nc3 g6 8. Nf3
Bg7 9. g3 O-O 10. Bg2 d6 11. O-O Nbd7 12. Re1 Qb6 13. h3 Rfb8 14. e4 Ne8 15. Qc2
Nc7 16. a4 Qb4 17. Ra3 c4 18. Re2 Nc5 19. Bg5 Nd3 20. Ra2 Kf8 21. Be3 Nxb2 22.
Bd4 Nd3 23. Bxg7+ Kxg7 24. e5 Bb7 25. exd6 Qxd6 26. Nd4 Qf6 27. Ndb5 Nb4 28. Ne4
Nxc2 29. Nxf6 Nxb5 30. Rexc2 Kxf6 31. axb5 Rxa2 32. Rxa2 Ke5 33. Re2+ Kd6 34. f4
Ba8 35. Rb2 Bxd5 36. Bxd5 Kxd5 37. Rd2+ Ke4 38. Kf2 c3 39. Re2+ Kd3 40. Rxe7 c2
41. Rd7+ Kc3 42. Rc7+ Kb2 0-1

[Event "Xtracon Chess Open 2019"]
[Site "Helsingor DEN"]
[Date "2019.07.20"]
[Round "1.53"]
[White "Vestby-Ellingsen, Mads"]
[Black "Frederiksen Kristian, Pade"]
[Result "1-0"]
[WhiteTitle "FM"]
[WhiteElo "2335"]
[BlackElo "1822"]
[WhiteFideId "1520857"]
[BlackFideId "1435205"]
[EventDate "2019.07.20"]

1. d4 Nf6 2. Bg5 d5 3. e3 Nbd7 4. Nf3 h6 5. Bh4 c6 6. c4 g5 7. Bg3 Ne4 8. Nfd2
Nxg3 9. hxg3 e5 10. cxd5 cxd5 11. dxe5 Nxe5 12. Bb5+ Nc6 13. Nc3 Bg7 14. O-O O-O
15. Nb3 d4 16. exd4 Nxd4 17. Nxd4 Qxd4 18. Qc2 Bg4 19. Be2 Be6 20. Bf3 Rab8 21.
Rfd1 Qf6 22. Bd5 Bf5 23. Qb3 b5 24. Rd2 b4 25. Nd1 Rfe8 26. Ne3 Be6 27. Qa4 Re7
28. Rc1 Rd7 29. Rcd1 Qd8 30. Qc2 Qf6 31. Bxe6 Rxd2 32. Bxf7+ Qxf7 33. Rxd2 Qxa2
34. Nd5 Re8 35. Qg6 Re1+ 36. Kh2 Kf8 37. Nf6 Qa5 38. Rd7 1-0

[Event "Xtracon Chess Open 2019"]
[Site "Helsingor DEN"]
[Date "2019.07.20"]
[Round "1.70"]
[White "Manz, Andreas"]
[Black "Rosenkilde, Alexander"]
[Result "0-1"]
[WhiteElo "1770"]
[BlackElo "2255"]
[WhiteFideId "24660108"]
[BlackFideId "1408488"]
[EventDate "2019.07.20"]

1. d4 Nf6 2. c4 e6 3. Nc3 Bb4 4. e3 b6 5. Ne2 c5 6. Bd2 Nc6 7. dxc5 bxc5 8. Ng3
O-O 9. Be2 d5 10. cxd5 exd5 11. Bf3 Ba6 12. Be2 Bxe2 13. Ncxe2 Qa5 14. Bxb4
Qxb4+ 15. Qd2 Qxd2+ 16. Kxd2 Ne5 17. Nf4 d4 18. exd4 Rfd8 19. Nfe2 cxd4 20. Rac1
Nfg4 21. f3 Ne3 22. Rhg1 N5c4+ 23. Kd3 Nxb2+ 24. Ke4 Re8+ 25. Kxd4 Rad8+ 26. Kc3
Nbd1+ 27. Kb3 Rb8+ 28. Ka4 Nb2+ 0-1

[Event "Xtracon Chess Open 2019"]
[Site "Helsingor DEN"]
[Date "2019.07.20"]
[Round "1.78"]
[White "Jannik, Morten Emil"]
[Black "Pallesen, Jacob"]
[Result "0-1"]
[WhiteElo "1561"]
[BlackElo "2041"]
[WhiteFideId "1433814"]
[BlackFideId "1404881"]
[EventDate "2019.07.20"]

1. Nf3 d5 2. d4 Nf6 3. Bf4 e6 4. h3 c5 5. e3 Nc6 6. c3 Qb6 7. Qc2 Bd7 8. Nbd2
Rc8 9. dxc5 Bxc5 10. Nb3 Be7 11. Bd3 Nb4 12. Qd2 Nxd3+ 13. Qxd3 Ne4 14. Qd4 Qa6
15. Nfd2 Bf6 16. Be5 Nxd2 17. Nxd2 Bxe5 18. Qxe5 O-O 19. Nb3 f6 20. Qd4 Rc4 21.
Nc5 Qb5 0-1

[Event "Xtracon Chess Open 2019"]
[Site "Helsingor DEN"]
[Date "2019.07.20"]
[Round "1.80"]
[White "Tolba, Henri"]
[Black "Matthiesen, Martin"]
[Result "1/2-1/2"]
[BlackTitle "FM"]
[WhiteElo "1752"]
[BlackElo "2239"]
[WhiteFideId "1418246"]
[BlackFideId "1404067"]
[EventDate "2019.07.20"]

1. e4 g6 2. d4 Bg7 3. Nf3 d6 4. c4 Nf6 5. Nc3 O-O 6. g3 c5 7. Bg2 Nc6 8. d5 Na5
9. Qe2 Bg4 10. h3 Bxf3 11. Bxf3 Nd7 12. Bd2 Ne5 13. b3 Nxf3+ 14. Qxf3 e6 15. Rd1
exd5 16. Nxd5 Nc6 17. O-O Nd4 18. Qd3 Qd7 19. Kg2 Rae8 20. Bh6 f5 21. Bxg7 Qxg7
22. exf5 Rxf5 23. f4 Re2+ 24. Rf2 Re6 25. Rff1 Re2+ 26. Rf2 Re6 27. Rff1 Rf8 28.
Rde1 Qf7 29. Rxe6 Qxe6 30. h4 h5 31. Re1 Qxe1 32. Qxg6+ Kh8 33. Qh6+ 1/2-1/2

[Event "Xtracon Chess Open 2019"]
[Site "Helsingor DEN"]
[Date "2019.07.20"]
[Round "1.81"]
[White "Grove, Peter"]
[Black "Khoo-Thwe, Louis"]
[Result "1-0"]
[WhiteElo "2239"]
[BlackElo "1746"]
[WhiteFideId "1411101"]
[BlackFideId "1538756"]
[EventDate "2019.07.20"]

1. c4 e5 2. g3 Nc6 3. Bg2 g6 4. Nc3 Bg7 5. e3 Nge7 6. Nge2 O-O 7. O-O d6 8. d4
f5 9. d5 Nb8 10. e4 Nd7 11. b4 f4 12. f3 g5 13. Qc2 h5 14. c5 Ng6 15. cxd6 cxd6
16. Kh1 Nf6 17. a4 h4 18. g4 Nxg4 19. fxg4 Bxg4 20. Ng1 Rc8 21. Qd3 Kh7 22. Bd2
Rf6 23. Rac1 Qd7 24. h3 f3 25. Nxf3 Bxh3 26. Nxg5+ Kh8 27. Bxh3 1-0